[Optimalizácia finančného riadenia podnikov pôsobiacich v SR v kontexte súčasných globálnych problémov]
Recenzia na monografiu, ktorá sa zaoberá problematikou finančného riadenia podnikov všeobecne a zvlášť v podmienkach slovenského podnikateľského prostredia. Kolektív autorov pod vedením Anny Poledňákovej v nej sústredil výsledky 2-ročného primárneho a sekundárneho výskumu realizovaného v rámci proje...
Saved in:
| Main Author: | |
|---|---|
| Format: | Book Chapter |
| Language: | Slovak |
| Subjects: | |
| Tags: |
No Tags, Be the first to tag this record!
|
MARC
| LEADER | 00000naa a2200000 4500 | ||
|---|---|---|---|
| 001 | 0167336 | ||
| 005 | 20240502072922.6 | ||
| 041 | 0 | |a slo | |
| 044 | |a SK | ||
| 245 | 1 | 0 | |a [Optimalizácia finančného riadenia podnikov pôsobiacich v SR v kontexte súčasných globálnych problémov] |c Pavel Škriniar |
| 520 | |a Recenzia na monografiu, ktorá sa zaoberá problematikou finančného riadenia podnikov všeobecne a zvlášť v podmienkach slovenského podnikateľského prostredia. Kolektív autorov pod vedením Anny Poledňákovej v nej sústredil výsledky 2-ročného primárneho a sekundárneho výskumu realizovaného v rámci projektu VEGA 1/0415/10. | ||
| 610 | 2 | 0 | |a recenzie |
| 610 | 2 | 0 | |a optimalizácia |
| 610 | 2 | 0 | |a Slovensko |
| 610 | 2 | 0 | |a podnik |
| 610 | 2 | 0 | |a riadenie finančné |
| 100 | 1 | |a Škriniar, Pavel, 1979- | |